000 00205nam a2200097Ia 4500
005 20251222114407.0
008 251222s1900||||xx |||||||||||||| ||spa||
082 _aDVD0070/N57
245 0 _aOnce:
942 _cDVD
999 _c1877
_d1877